000 00590nam a22002177a 4500
003 DO-SdBNP
005 20180202142251.0
008 180202b 1984 sp a | 00| 0 spa d
020 _a842431672X
040 _aBPMSU
_bspa
_cBPMSU
082 _aXXX
_bXXXX
100 2 _aScott, Walter
245 1 0 _aRobín de los bosques /
_cWalter Scott
260 _aBilbao, España :
_bFher,
_c1984.
300 _a128 p.
_bil.
_c21 cm.
490 0 _aClasica juvenil
_v19
830 0 _aClasica juvenil
_n19
942 _2ddc
_cBK
945 _aInventariado, 2018/ YL
956 _aYLOCKWARD
_b10
_cBPMSU
999 _c9377
_d9377